La Retención a cuenta en el impuesto sobre la renta de las personas físicas / María Teresa Mories Jiménez ; prólogo de Ramón Falcón y Tella
ISBN:
84-7248-335-5
Descripción Física:
414 p. ; 24 cm
Colección:
Monografías jurídicas
Otros Autores:
Falcón y Tella, Ramón
Materias:
Impostos sobre la renda -- Espanya
MARC
| LEADER | 00000nam a2200000Ia 4500 | ||
|---|---|---|---|
| 001 | 13252 | ||
| 008 | 160829s1996 xx 000 0 cat d | ||
| 020 | |a 84-7248-335-5 | ||
| 080 | |a M-3-426 | ||
| 100 | |a Mories Jiménez, María Teresa |9 33064 |e autor | ||
| 245 | |a La Retención a cuenta en el impuesto sobre la renta de las personas físicas / María Teresa Mories Jiménez ; prólogo de Ramón Falcón y Tella | ||
| 260 | |a Madrid : |b Marcial Pons, |c 1996 | ||
| 300 | |a 414 p. ; |c 24 cm | ||
| 490 | |a Monografías jurídicas | ||
| 650 | |a Impostos sobre la renda |x Espanya |9 20868 | ||
| 700 | |a Falcón y Tella, Ramón |e autor del pròleg |9 16397 | ||
| 901 | |a Arxiu | ||
| 942 | |n 1 |2 udc | ||
| 952 | |0 0 |1 0 |4 0 |6 M3426 |7 1 |9 46192 |a Arxiu |b Arxiu |d 2016-12-01 |l 0 |o M-3-426 |p 13252 |r 2016-12-01 00:00:00 |w 2016-12-01 |y ARXIU | ||
| 999 | |c 49694 |d 49694 | ||